| 000 | 01091pam a2200277 a 4500 | ||
|---|---|---|---|
| 999 |
_c478329 _d478329 |
||
| 001 | 1089259 | ||
| 003 | NUST | ||
| 005 | 20180521075010.0 | ||
| 008 | 921208s1993 dcua b 001 0 eng | ||
| 010 | _a 92038195 | ||
| 020 |
_a1557981949 (acidfree paper) : _c$24.95 |
||
| 040 |
_aDLC _cDLC _dDLC |
||
| 050 | 0 | 0 |
_aBF76.5 _b.C645 1993 |
| 082 | 0 | 0 |
_a150.72 _220 _bCON 1993 |
| 100 | 1 |
_aCone, John D., _d1942- _910413 |
|
| 245 | 1 | 0 |
_aDissertations and theses from start to finish : _bpsychology and related fields / _cJohn D. Cone and Sharon L. Foster. |
| 250 | _a1st ed. | ||
| 260 |
_aWashington, DC : _bAmerican Psychological Association, _cc1993. |
||
| 300 |
_axiii, 349 p. : _bill. (some col.) ; _c26 cm. |
||
| 504 | _aIncludes bibliographical references (p. 323-328) and index. | ||
| 650 | 0 |
_aPsychology _xResearch _xMethodology. _910414 |
|
| 700 | 1 |
_aFoster, Sharon L. _910415 |
|
| 906 |
_a7 _bcbc _corignew _d1 _eocip _f19 _gy-gencatlg |
||
| 942 |
_2ddc _cBK |
||